000 00595nam a2200217Ia 4500
005 20250508162010.0
008 008 250505s9999 xx 000 0 eng d
020 _a0-03-910195-9
037 _aTextual
040 _aFEDL
_beng
_cFEDL
041 _aeng
_2eng
084 _a370.9, KIN
_qFEDL
100 _aKing Edmund J.
245 0 _aOther schools and ours: Comparative studies for today
250 _a5
260 _aLondon, UK
_bHolt, Rinehar and Winston
_c1979
300 _avi,553p
650 _aEducation
942 _cTEXL
_h370.9, KIN
999 _c1373748
_d1373748